000 01197nam a2200349 i 4500
003 EG-GICUC
005 20260412084844.0
008 260412s1933 us ||||fr|||| 001 0 eng d
040 _aEG-GiCUC
_beng
_cEG-GiCUC
_dEG-GiCUC
_erda
041 _aeng
082 0 4 _221
_a341.33
_bCO
092 0 4 _221
099 _aLaw1 11 341.33 CO 1933
100 1 _aFelier , A. H.
_eeditor.
245 _aA Collection Of The Diplomatic And Consular Laws And Regulations Of Various Countries /
_nVolume II,
_cEdited By A. Fl Feller, And Manley O. Hudson.
264 _aWashington :
_bCarnegie Endowment For International Peace,
_c1933.
300 _a1505 pages ,
_c24 cm
_billustrations,
336 _2rda content
_atext
337 _2rda media
_aComputer
338 _2rda carrier
_aOnline Resource
504 _aBibliography: pages 200-250.
546 _aText in English
650 1 _aDiplomacy
_2qrmak
650 1 _aDiplomatic Corps
_2qrmak
650 1 _aPublic international law
_2qrmak
651 1 _2qrmak
700 1 _aHudson, Manley O
_eeditor.
700 1 _aFeller, A. Fl
_eeditor.
856 4 0 _uhttps://fll.law.cu.edu.eg/fulltext/bks/B11-05289.pdf
905 _a48
942 _2ddc
_cBK
_e21
_n0
999 _c70143
_d70143